El rezago de la costa caribe Colombiana (Registro nro. 20322)
[ vista simple ]
| 000 -CABECERA | |
|---|---|
| Campo de control | 00914nam a22002537a 4500 |
| 005 - FECHA Y HORA DE LA ULTIMA TRANSACCION | |
| Campo de control | 20180919143911.0 |
| 008 - ELEMENTOS DE LONGITUD FIJA—INFORMACION GENERAL | |
| Campo de control | 180919b1999 ck ||||| |||| 00| 0 spa d |
| 020 ## - ISBN | |
| ISBN | 9789589029251 |
| 040 ## - FUENTE DE CATALOGACIÓN | |
| Agencia catalogadora original | CO-BoIAVH |
| Agencia transcriptora | CO-BoIAVH |
| 041 ## - IDIOMA | |
| Código de idioma para texto/pista de sonido o título separado | Español |
| 044 ## - PAÍS DE PUBLICACIÓN | |
| País de publicación | Colombia |
| 082 ## - NUMERO DE CLASIFICACION DECIMAL DEWEY | |
| Número de clasificación | 330.9 |
| Número del ítem | B22e |
| 110 ## - ASIENTO PRINCIPAL--NOMBRE CORPORATIVO | |
| 9 (RLIN) | 91982 |
| Nombre corporativo o de jurisdicción como elemento de entrada | Banco de la República (Bogotá) |
| 245 13 - MENCION DE TITULO | |
| Título | El rezago de la costa caribe Colombiana |
| 260 ## - PUBLICACION, DISTRIBUCION, ETC. (PIE DE IMPRENTA) | |
| Lugar de publicación, distribución, etc. | Bogotá: |
| Nombre del editor, distribuidor, etc. | Fundesarrollo, |
| -- | Universidad del Norte, |
| -- | Universidad Jorge Tadeo Lozano (seccional caribe). |
| Fecha de publicación, distribución, etc. | 1999. |
| 300 ## - DESCRIPCION FISICA | |
| Extensión | 447 páginas; |
| Otros detalles físicos | gráficas, tablas |
| Dimensiones | 23 x 15cm. |
| 650 14 - ASIENTO SECUNDARIO DE MATERIA - TERMINO TEMATICO | |
| 9 (RLIN) | 11770 |
| Término temático o nombre geográfico como elemento de entrada | Economía |
| Subdivisión geográfica | Caribe (Colombia) |
| 650 14 - ASIENTO SECUNDARIO DE MATERIA - TERMINO TEMATICO | |
| 9 (RLIN) | 85774 |
| Término temático o nombre geográfico como elemento de entrada | Política regional |
| Subdivisión geográfica | Región caribe (Colombia) |
| 650 14 - ASIENTO SECUNDARIO DE MATERIA - TERMINO TEMATICO | |
| 9 (RLIN) | 800 |
| Término temático o nombre geográfico como elemento de entrada | Crecimiento económico |
| 650 14 - ASIENTO SECUNDARIO DE MATERIA - TERMINO TEMATICO | |
| 9 (RLIN) | 5745 |
| Término temático o nombre geográfico como elemento de entrada | Politicas Sectoriales |
| 700 1# - ASIENTO SECUNDARIO - NOMBRE PERSONAL | |
| Nombre personal | Meisel Roca, Adolfo |
| 9 (RLIN) | 101305 |
| Término de relación | editor |
| 700 1# - ASIENTO SECUNDARIO - NOMBRE PERSONAL | |
| Nombre personal | Calvo Stevenson, Haroldo |
| 9 (RLIN) | 36770 |
| Término de relación | editor |
| 942 ## - ELEMENTOS ADICIONALES (KOHA) | |
| Sistema de clasificación | Dewey Decimal Classification |
| Tipo de ítem | Libro |
| Withdrawn status | Lost status | Sistema de Clasificación | Damaged status | No para préstamo | Colección | Ubicación Permanente | Ubicación actual | Fecha de adquisición | Total Checkouts | Número topográfico | Inventario / Código de Barras | Date last seen | Ejemplar | Price effective from | Forma de adquisición | Tipo de material |
|---|---|---|---|---|---|---|---|---|---|---|---|---|---|---|---|---|
| Dewey Decimal Classification | General | Bogotá | Bogotá | 19/09/2018 | 330.9 B22e | 043508 | 19/09/2018 | Ej. 1 | 19/09/2018 | Donación | Libro |